=LDR 00000nam 2200000 4500 =001 INLIS000000000057812 =005 20210507072521 =035 ##$$a 0010-0521000027 =007 ta =008 210507###########################0#ind## =020 ##$$a 978-602-96598-3-2 =082 ##$$a 340.1 =084 ##$$a 340.1 Ber t =245 1#$$a Teori hukum : $b Strategi tertib manusia lintas ruang dan generasi /$c Dr. Bernard L. Tanya SH.,MH =300 ##$$a 260 halaman ; $c 22 cm =650 #4$$a Hukum, Teori =700 #$$a Editor, Catur Yunianto, SH =264 ##$$a Yogyakarta :$b Genta group production,$c 2010 =336 ##$$a teks$2 rdacontent =337 ##$$a lain-lain$2 rdamedia =338 ##$$a lain-lain$2 rdacarrier =990 ##$$a 02920292